000
00276nam a2200109Ia 4500
008
220216s9999 xx 000 0 und d
100
_a
Wright J
245
0
_a
Wheels and rims as applied to transportation
260
_b
IRI Transactions
_c
1930
300
_a
332-350
942
_c
JS
999
_c
72385
_d
72385